The civil war dictionary

Kaydedildi:
Detaylı Bibliyografya
Yazar: M M Boatner III
Materyal Türü: Kitap
Dil:Undetermined
Baskı/Yayın Bilgisi: New York David McKay 1959
Konular:
Etiketler: Etiketle
Etiket eklenmemiş, İlk siz ekleyin!
Thư viện lưu trữ: Trung tâm Học liệu Trường Đại học Cần Thơ
LEADER 00499nam a2200181Ia 4500
001 CTU_11145
008 210402s9999 xx 000 0 und d
082 |a 973.7 
082 |b B662 
100 |a M M Boatner III 
245 4 |a The civil war dictionary 
245 0 |c M M Boatner III 
260 |a New York 
260 |b David McKay 
260 |c 1959 
650 |a united states - history - civil war - 1861-1865 
904 |i Minh, 961016 
980 |a Trung tâm Học liệu Trường Đại học Cần Thơ